| 000 | 01372nam a2200289 a 4500 | ||
|---|---|---|---|
| 001 | 25889 | ||
| 003 | BD-RjUL | ||
| 005 | 20211209050936.0 | ||
| 008 | 140319r19521912enka b 000 0 ara d | ||
| 035 | _a(BD-RjUL)25959 | ||
| 040 |
_aNLW _cNLW _dMnU _dUkOxU _dBD-RjUL _beng |
||
| 041 | 0 | _aaraeng | |
| 082 |
_a951.7 _bJUT V-16 1952 |
||
| 100 | 1 |
_aJuvaynī, ʿAlāʼ al-Dīn ʿAṭā Malik, _d1226-1283. _979549 |
|
| 245 | 1 | 4 |
_aThe Tar̓íkh-i-Jahán-gushá of ʿAláu̓ d̓-Dín ʿAṭá Malik-i-Juwayní (composed in A.H. 658=A.D. 1260) / _cedited with an introduction, notes and indices from several old mss. by Mírzá Muḥammad ibn ʿAbdul̓-Wahháb-i-Qazwíní _nVolume XVI |
| 260 |
_aLondon : _bLuzac, _c1912 [reptinted 1952] |
||
| 300 |
_axciii, 199 p. : _bill. ; _c26 cm. |
||
| 490 | 1 |
_a"E. J. W. Gibb memorial" series ; _vv. 16, 1-3 |
|
| 504 | _aIncludes bibliographical references. | ||
| 505 | 0 | _apt. 1. Containing the history of Chingíz Khán and his successors -- pt. 2. Containing the history of the Khwárazm-sháh dynasty -- pt. 3. Containing the history of Mangú Qáá̓n, Húlágú and the Ismáʿílís. | |
| 600 | 0 | 0 |
_aGenghis Khan, _d1162-1227. _979570 |
| 650 | 0 |
_aMongols _xHistory. _977940 |
|
| 830 | 0 |
_vv. 16. _979571 |
|
| 700 | 1 |
_aQazvīnī, Muḥammad, _d1877-1949. _978743 |
|
| 830 | 0 |
_a"E.J.W. Gibb memorial" series ; _979572 |
|
| 942 |
_2ddc _cBK |
||
| 999 |
_c25889 _d25889 |
||